|
|
|
|
| LEADER |
01891nam a2200289 a 4500 |
| 001 |
GR-MES3952 |
| 008 |
991111s1980 gr 000 0 gre d |
| 040 |
|
|
|a GrPaTEI
|b gre
|c GR-PaULI
|
| 245 |
0 |
0 |
|a Οργάνωση και διοίκηση πωλήσεων =
|b Sales and sales management : Ο συντονισμός της πωλήσεως στην επιχειρησιακή λειτουργία.
|
| 260 |
|
|
|a Αθήνα :
|b Θεοδ.Τυροβολά,
|c 1980
|
| 300 |
|
|
|a 338σελ. :
|b πιν.,σχεδ.,
|
| 490 |
1 |
|
|a Δίοικηση των επιχειρήσεων ;
|v 2
|
| 500 |
|
|
|a Περιέχει βιβλιογραφία
|
| 650 |
|
4 |
|a ΕΞΑΓΩΓΕΣ
|
| 650 |
|
4 |
|a Μάρκετινγκ
|
| 650 |
|
4 |
|a Πωλήσεις
|
| 650 |
|
4 |
|a ΠΩΛΗΤΕΣ
|
| 700 |
1 |
|
|a Allen, P.
|
| 710 |
0 |
|
|a Θεοδ.Τυροβολά
|
| 830 |
|
0 |
|1 0015719
|1 2001
|a Moglichkeiten und Grenzen der rechtskraftdurchbrechung : unter Berucks ichtigung neuerer Tendenzen im deutschen Zivilprozebrecht (Hans Friedhelm Gaul) ;
|v 2
|
| 942 |
|
|
|2 ddc
|
| 952 |
|
|
|0 0
|1 0
|2 ddc
|4 0
|6 658_810000000000000_ALL
|7 0
|9 268578
|a MSLG
|b MSLG
|c BSC
|d 2021-01-17
|e 24
|f 0
|g 0.00
|l 0
|o 658.81 ALL
|p 2420000006523
|r 2021-01-17 00:00:00
|t 1
|w 2021-01-17
|y BK15
|x 20000417 0 1
|x GrPaTEI
|
| 952 |
|
|
|0 0
|1 0
|2 ddc
|4 0
|6 658_810000000000000_ALL
|7 0
|9 268579
|a MSLG
|b MSLG
|c BSC
|d 2021-01-17
|e 24
|f 0
|g 0.00
|l 0
|o 658.81 ALL
|p 2420000014307
|r 2021-01-17 00:00:00
|t 1
|w 2021-01-17
|y BK15
|x 19991111 0 1
|x GrPaTEI
|
| 952 |
|
|
|0 0
|1 0
|2 ddc
|4 0
|6 658_810000000000000_ALL
|7 0
|9 268580
|a MSLG
|b MSLG
|c BSC
|d 2021-01-17
|e 24
|f 0
|g 0.00
|l 0
|o 658.81 ALL
|p 2420000015437
|r 2021-01-17 00:00:00
|t 1
|w 2021-01-17
|y BK15
|x 20010713 0 1
|x GrPaTEI
|
| 952 |
|
|
|0 0
|1 0
|2 ddc
|4 0
|6 658_810000000000000_ALL
|7 0
|9 268581
|a MSLG
|b MSLG
|c BSC
|d 2021-01-17
|e 24
|f 0
|g 0.00
|l 0
|o 658.81 ALL
|p 2420000018191
|r 2021-01-17 00:00:00
|t 1
|w 2021-01-17
|y BK15
|x 20000307 0 1
|x GrPaTEI
|
| 971 |
|
|
|a .b25749985
|b 16-04-20
|c 13-09-16
|
| 999 |
|
|
|c 154777
|d 154777
|